Walt Disney's donald duck : (Record no. 3972)

MARC details
000 -LEADER
fixed length control field 00970nam a22002297a 4500
001 - CONTROL NUMBER
control field 3972
003 - CONTROL NUMBER IDENTIFIER
control field FISKH
005 - DATE AND TIME OF LATEST TRANSACTION
control field 20240528155636.0
008 - FIXED-LENGTH DATA ELEMENTS--GENERAL INFORMATION
fixed length control field 240528b cb ||||| |||| 00| 0 eng d
020 ## - INTERNATIONAL STANDARD BOOK NUMBER
International Standard Book Number 9781403723390
040 ## - CATALOGING SOURCE
Original cataloging agency FISKH
Language of cataloging eng
Transcribing agency FISKH
Modifying agency FISKH
082 ## - DEWEY DECIMAL CLASSIFICATION NUMBER
Classification number 741.5
100 ## - MAIN ENTRY--PERSONAL NAME
Personal name Disney, Walt
Dates associated with a name 1901-1966.
245 ## - TITLE STATEMENT
Title Walt Disney's donald duck :
Statement of responsibility, etc. Story written and illustrated by the staff of the Walt Disney company
250 ## - EDITION STATEMENT
Edition statement 2006
Remainder of edition statement Republished from the original
260 ## - PUBLICATION, DISTRIBUTION, ETC.
Place of publication, distribution, etc. Franklin :
Name of publisher, distributor, etc. Dalmation Press,
Date of publication, distribution, etc. 1935
300 ## - PHYSICAL DESCRIPTION
Extent 14 unnumbered pages :
Dimensions 31 cm
520 ## - SUMMARY, ETC.
Summary, etc. This is a recreation of the original 1935 Disney storybook, right down to the canvas-like pages. Presented to you by Disney Enterprises Inc as part of the Vintage Collection. Bright, colorful characters on bright-white pages, and clean type will make this something to treasure for years to come.
521 8# - TARGET AUDIENCE NOTE
Target audience note 410 <br/>
Source Lexile
521 8# - TARGET AUDIENCE NOTE
Target audience note F <br/>
Source Raz-Plus
942 ## - ADDED ENTRY ELEMENTS (KOHA)
Source of classification or shelving scheme Dewey Decimal Classification
Koha item type Books
Suppress in OPAC No
Holdings
Withdrawn status Lost status Source of classification or shelving scheme Damaged status Not for loan Collection Home library Current library Shelving location Date acquired Total Checkouts Full call number Barcode Date last seen Date last checked out Price effective from Koha item type
    Dewey Decimal Classification     Juvenile Fiction Footprints International School Library Network Toul Kork Campus Footprints International School Library Network Toul Kork Campus TK Primary Library Room(4th Floor), Bookcase 1&2, Shelves 1-16, Dark Blue Books 05/28/2024 2 DIS 741.5 FISTK02176 12/11/2024 12/04/2024 05/28/2024 Books